Normal view
MARC view
Entry Personal Name
001 - CONTROL NUMBER
- control field: 38267
003 - CONTROL NUMBER IDENTIFIER
- control field: ARRUPE
005 - DATE AND TIME OF LATEST TRANSACTION
- control field: 20180104095617.0
008 - FIXED-LENGTH DATA ELEMENTS
- fixed length control field: 180104|| aca||aabn | a|a d
040 ## - CATALOGING SOURCE
- Original cataloging agency: ARRUPE
- Transcribing agency: ARRUPE
100 ## - HEADING--PERSONAL NAME
- Personal name: Wheelock, Frederic M.
670 ## - SOURCE DATA FOUND
- Source citation: Work cat.: (ARRUPE)0: Wheelock, Frederic M., Wheelock's Latin grammar /, c1992.